000
00438nam a22001337a 4500
003
SGT
020
_a
9788123028125
082
_a
891.4309
_b
B18H
100
_a
हरी, वियोगी
245
_a
भक्ति : उत्तर और दक्षिण का समन्वय सूत्र
260
_b
सस्ता साहित्य मंडल प्रकाशन
_c
2018
300
_a
138
942
_2
ddc
_c
BK
999
_c
30023
_d
30023